000 01466nam a2200277Ia 4500
001 20902
003 GE_BSU
008 181216s||||||||xx |||||||||||||| ||und||
020 _a9789941947834
040 _cGE_BSU
080 _a343.139
100 _aბოჭორიშვილი, ნინო.
245 _aსამართლიანი სასამართლო განხილვის უფლება საქართველოში
245 _cრედ. ნინო ნიშნიანიძე
250 _aმეორე გადამუშავებული გამოცემა.
260 _aთბილისი
260 _bბონა კაუზა
260 _c2016
300 _a167გვ;20სმ.
300 _eბიბლიოგრ.: გვ. 150-167
541 _h12ლ.
653 _aნაშრომი განკუთვნილია სამართლის ფაკ.სტუდ.სამეცნიერო და პრაქტიკული დარგის სპეციალისტებისათვის,აგრეთვე სასამართლო მართლმსაჯულების საკითხებით დაინტერესებული პირებისათვის.
653 _aსამართალი
653 _aსასამართლო განხილვა.
942 _cBK
999 _c53851
_d53851